| 000 | 00761nam a22002297a 4500 | ||
|---|---|---|---|
| 005 | 20130712151928.0 | ||
| 010 | _aENG-104675 | ||
| 020 |
_a9788120344297 _c395.00 |
||
| 035 | _aEN-88208 | ||
| 035 | _aB-492216-217 | ||
| 037 | _bDBAD / PUB | ||
| 037 | _bBlue Berry/Ven | ||
| 082 | 1 | 4 | _a551.47009146 |
| 100 | 1 | _aMani, J.S. | |
| 245 | 1 |
_aCoastal hydrodynamics / _cby J.S. Mani |
|
| 260 |
_aNew Delhi _bPHI Learning _c2012 |
||
| 270 |
_aM-97, Connaught Circus _bNew Delhi _e110015 |
||
| 300 |
_ax,321p. : _c23cm(pbk) _bill.(some chiefly col.) |
||
| 500 | _aIncludes index | ||
| 942 |
_adpl _cEN _2ddc _h551.47009146 _mMAN |
||
| 999 |
_c60599 _d60599 |
||